LEADER 00848nam a22002177a 4500
020 |a 81-237-1849-7 
082 |a 954.83  |b KRI/K M1 
100 |a കൃഷ്ണ ചൈതന്യ;  |9 216732 
100 |a Krishna Chaithanya  |9 216733 
240 |a Kerala 
245 |a കേരളം 
250 |a 1st 
260 |a New Delhi;  |b National Book Trust;  |c 1981 
300 |a 234p. 
650 |a മലയാളം; കേരള ചരിത്രം  |9 216734 
650 |a Malayalam; Kerala History  |9 216735 
700 |a പി ജി പുരുഷോത്തമ൯ പിള്ള (വിവ.)  |9 216736 
700 |a P G Purushothaman Pillai (Tr.)  |9 216737 
942 |c BK 
999 |c 44856  |d 44856 
952 |0 0  |1 0  |4 0  |6 954_830000000000000_KRI_K_M1  |7 0  |8 KER HIS  |9 52001  |a MAL  |b MAL  |d 2015-11-16  |e 46897  |g 48.00  |l 0  |o 954.83 KRI/K M1  |p MAL046897  |r 2015-11-16  |t 1  |w 2015-11-16  |y BK